| 000 | 00418nam a22001697a 4500 | ||
|---|---|---|---|
| 005 | 20231208101136.0 | ||
| 008 | 231208b |||||||| |||| 00| 0 eng d | ||
| 020 | _a978-969-448-157-9 | ||
| 082 |
_a181 _bKHU |
||
| 100 | _aKhurshid, Ahmad Professor | ||
| 245 | _aIslami Falsfa Hayat | ||
| 250 | _a2nd ed. | ||
| 260 |
_aIslamabad, Pakistan _bIPS Press _c2016 |
||
| 300 | _a266 | ||
| 650 | _aPhilosophy/ | ||
| 999 |
_c34853 _d34853 |
||